000 00981nas a2200313 4500
001 BR2011006154
003 BR-BrBNA
005 20231205115656.0
007 ta
008 230509b bl.|||p| |||| 00| 00por d
040 _aBR-BrBNA
_bpor
_cBiblioteca Nacional de Agricultura
041 _a(Es)
072 _aL20; L72
100 1 _aQuelas, M.A.
100 1 _aCamino, N.B.
245 1 _aDescrição Thelastoma domesticus sp. novembro (Oxyurida, Thelastomatidae)parasita de ninfas Periplaneta americana (Blattodea, Blattaria)na Argentina
300 _av. 98(1) p. 24-27
650 _aARGENTINA
650 _aPARASITISMO
650 _aNEMATÓIDE
650 _aHOSPEDEIRO
650 _aBARATA
650 _aPERIPLANETA AMERICANA
650 _aNINFA
650 _aSISTEMA DIGESTIVO
773 0 _tIheringia. Série Zoologia (Brazil)
_xISSN 0073-4721
_g(Mar 2008), v. 98(1) p. 24-27
_wBR2011006154
909 _a202311
_bLúcia
_c55
_dLúcia Elande
942 _2AGRIS
_n0
_cANA
999 _c215171
_d215171